000 00410nam a22001697a 4500
003 OSt
008 110505b xxu||||| |||| 00| 0 eng d
100 1 _aGibbons, Stanley
020 _a9780852592281
041 _aeng
245 1 0 _aStamp Catalogue: China Pt. 17
260 _aUS
_bStanley Gibbons Limited
300 _a288 pages
650 0 _aAntiques & Collectibles
700 1 _aAggersberg, D.J.
942 _e4th
999 _c16
_d16